Loading...
| Science - Other | 3 | 5 | 1 | 0 | 90 | 41 | 78.63 | 3 | 8 | 0.00 | 0.00 |
| Geography | 4 | 1 | 0 | 1 | 70 | 45 | 82.60 | 3 | 5 | 0.00 | 0.00 |
| History - World | 1 | 4 | 0 | 1 | 55 | 44 | 104.40 | 2 | 5 | 0.00 | 0.00 |
| Science - Biology | 0 | 4 | 0 | 1 | 40 | 81 | 110.75 | 0 | 4 | 0.00 | 0.00 |
| Social Science | 1 | 2 | 0 | 0 | 35 | 52 | 98.67 | 1 | 3 | 0.00 | 0.00 |
| Science - Physics | 0 | 3 | 0 | 2 | 30 | 113 | 127.33 | 0 | 3 | 0.00 | 0.00 |
| History - Ancient/Other | 0 | 3 | 0 | 1 | 30 | 107 | 118.67 | 1 | 3 | 0.00 | 0.00 |
| Fine Arts - Other | 0 | 3 | 1 | 0 | 25 | 107 | 131.33 | 2 | 3 | 0.00 | 0.00 |
| History - American | 1 | 1 | 0 | 0 | 25 | 60 | 78.00 | 1 | 2 | 0.00 | 0.00 |
| Current Events | 0 | 2 | 0 | 0 | 20 | 70 | 92.00 | 1 | 2 | 0.00 | 0.00 |
| Fine Arts - Visual | 0 | 2 | 0 | 0 | 20 | 113 | 128.50 | 0 | 2 | 0.00 | 0.00 |
| Science - Chemistry | 0 | 2 | 0 | 1 | 20 | 97 | 117.00 | 0 | 2 | 0.00 | 0.00 |
| History - European | 0 | 2 | 1 | 1 | 15 | 82 | 108.00 | 0 | 2 | 0.00 | 0.00 |
| Mythology | 0 | 1 | 0 | 1 | 10 | 146 | 146.00 | 0 | 1 | 0.00 | 0.00 |
| Religion | 0 | 2 | 2 | 1 | 10 | 135 | 143.00 | 0 | 2 | 0.00 | 0.00 |
| Fine Arts - Auditory | 0 | 0 | 0 | 0 | 0 | 0.00 | 0 | 0 | 0.00 | 0.00 |